000 00633nam a22002177a 4500
005 20170124110219.0
010 _aB-181608
020 _c200.00
_a8189290029
035 _aB-181608
037 _bCen Lib/Ret
040 _aDPL
_bEN
082 _a915.415
_bCHO
100 _aChopra, Vivek
_930200
245 _aDestination :
_cby Vivek Chopra
_bHimachal Pradesh /
260 _bSai Craft
_aJaipur
_c2005
270 _aR-15-A, Yudhisthir Marg, C-Scheme
_bJaipur
300 _a144p.
_c20cm(Hb)
650 _aCivilization
_915651
650 _aHimachal Pradesh -- History
_939549
942 _2ddc
_cEN
_h915.415
_mCHO
999 _c134015
_d134015